[Event "17th Dubai Chess Open"]
[Site "Dubai UAE"]
[Date "2015.04.06"]
[Round "1.1"]
[White "Abdulla, Khayala"]
[Black "Howell, David W L"]
[Result "0-1"]
[WhiteTitle "WIM"]
[BlackTitle "GM"]
[WhiteElo "2255"]
[BlackElo "2686"]
[WhiteFideId "13401807"]
[BlackFideId "410608"]
[EventDate "2015.04.06"]

1. e4 e5 2. Nf3 Nc6 3. Bb5 a6 4. Ba4 Nf6 5. O-O Be7 6. d3 b5 7. Bb3 O-O 8. Bd5
Bd6 9. Bg5 h6 10. Bh4 g5 11. Bg3 Nxd5 12. exd5 Ne7 13. Bxe5 Bxe5 14. Nxe5 Nxd5
15. Qf3 c6 16. c4 Nf4 17. Nc3 f6 18. Ng4 f5 19. Ne5 Qf6 20. Rae1 Ne6 21. Qe3 Rb8
22. Qg3 Rb7 23. Qe3 bxc4 24. dxc4 Rxb2 25. Rd1 Qg7 26. Rfe1 Re8 27. Qd3 Nf4 28.
Qd6 Rc2 29. Nf3 Rxe1+ 30. Rxe1 Rxc3 31. Re8+ Kh7 32. h4 Rd3 33. Qc7 Ne6 34. Qxc8
g4 35. Ne1 Rd1 36. Rxe6 dxe6 37. Qxe6 Qd7 38. Qe5 Kg6 39. g3 Kf7 40. Kf1 Qe6 41.
Qc3 Kg6 42. a3 c5 0-1

[Event "17th Dubai Chess Open"]
[Site "Dubai UAE"]
[Date "2015.04.06"]
[Round "1.2"]
[White "Fedoseev, Vladimir3"]
[Black "Fawzy, Adham"]
[Result "1-0"]
[WhiteTitle "GM"]
[BlackTitle "FM"]
[WhiteElo "2674"]
[BlackElo "2296"]
[WhiteFideId "24130737"]
[BlackFideId "10613129"]
[EventDate "2015.04.06"]

1. d4 Nf6 2. Nf3 e6 3. g3 b6 4. Bg2 Bb7 5. c4 Bb4+ 6. Bd2 Qe7 7. O-O a5 8. Bg5
Qd8 9. c5 a4 10. a3 Ba5 11. Qxa4 bxc5 12. dxc5 h6 13. Qh4 O-O 14. Bxf6 Qxf6 15.
Qxf6 gxf6 16. Rc1 Bxf3 17. Bxf3 Nc6 18. Bxc6 dxc6 19. Nc3 Bxc3 20. Rxc3 Rfd8 21.
b4 Rd2 22. Kf1 Rb2 23. Rd1 Ra2 24. Rd7 R2xa3 25. Rxa3 Rxa3 26. Rxc7 Rb3 27. Rb7
f5 28. Ke1 Rb2 29. Kd1 Kg7 30. Rb6 Kf6 31. Kc1 Rxe2 32. Rxc6 Ke7 33. b5 Kd7 34.
Rd6+ Kc8 35. b6 Re4 36. c6 Rb4 37. c7 Rc4+ 38. Kd2 Rc5 39. Rd8+ 1-0

[Event "17th Dubai Chess Open"]
[Site "Dubai UAE"]
[Date "2015.04.06"]
[Round "1.3"]
[White "Deshpande, Aniruddha"]
[Black "Kovalenko, Igor"]
[Result "0-1"]
[BlackTitle "GM"]
[WhiteElo "2232"]
[BlackElo "2661"]
[WhiteFideId "5021774"]
[BlackFideId "14117908"]
[EventDate "2015.04.06"]

1. e4 c5 2. c3 Nf6 3. e5 Nd5 4. d4 d6 5. Nf3 cxd4 6. cxd4 dxe5 7. dxe5 Nc6 8.
Bc4 Ndb4 9. Qxd8+ Nxd8 10. Na3 Bg4 11. Bd2 e6 12. Bb5+ Ndc6 13. Nd4 O-O-O 14.
Nxc6 bxc6 15. Be2 h5 16. Bc3 Bc5 17. h3 Bxe2 18. Kxe2 Nd3 19. Nc4 Nxf2 20. Rhf1
Ne4 21. Rxf7 Ng3+ 22. Kf3 Rd3+ 23. Kf4 h4 24. Re1 Bf2 25. Rb1 Kb8 26. Kg4 Nf5
27. Rxf5 Rg3+ 28. Kf4 exf5 29. Rd1 Rf8 30. e6 Bc5 31. Rd7 g5+ 32. Ke5 Rxg2 33.
Bd4 Re2+ 0-1

[Event "17th Dubai Chess Open"]
[Site "Dubai UAE"]
[Date "2015.04.06"]
[Round "1.4"]
[White "Petrosian, Tigran L."]
[Black "Mohannad, Farhan"]
[Result "1-0"]
[WhiteTitle "GM"]
[BlackTitle "FM"]
[WhiteElo "2671"]
[BlackElo "2221"]
[WhiteFideId "13301616"]
[BlackFideId "8100918"]
[EventDate "2015.04.06"]

1. b3 Nf6 2. Bb2 g6 3. g3 Bg7 4. Bg2 d6 5. Nf3 e5 6. O-O O-O 7. c4 Nh5 8. d4 e4
9. Ne1 f5 10. f3 e3 11. f4 g5 12. Bf3 Nf6 13. fxg5 Ne4 14. Ng2 Nf2 15. Qc1 Nh3+
16. Kh1 Nf2+ 17. Rxf2 exf2 18. h4 c5 19. Nd2 Nc6 20. Bd5+ Kh8 21. dxc5 Ne5 22.
Nf4 dxc5 23. Nh5 f4 24. Nxg7 Qd7 25. Ne6 1-0

[Event "17th Dubai Chess Open"]
[Site "Dubai UAE"]
[Date "2015.04.06"]
[Round "1.5"]
[White "Tabada, Jobannie C."]
[Black "Kuzubov, Yuriy"]
[Result "1-0"]
[BlackTitle "GM"]
[WhiteElo "2238"]
[BlackElo "2667"]
[WhiteFideId "5206073"]
[BlackFideId "14112906"]
[EventDate "2015.04.06"]

1. e4 e5 2. Nf3 Nf6 3. Nxe5 d6 4. Nf3 Nxe4 5. Qe2 Qe7 6. d3 Nf6 7. Bg5 Qxe2+ 8.
Bxe2 Bf5 9. Bxf6 gxf6 10. Nc3 c6 11. Ne4 Nd7 12. Nd4 Be6 13. Ng3 d5 14. Bh5
O-O-O 15. O-O Ne5 16. Rae1 Bd7 17. Nb3 Ng6 18. f4 f5 19. d4 b6 20. Be2 Bd6 21.
Nh5 Kc7 22. Bd3 c5 23. dxc5 bxc5 24. c4 d4 25. g3 Rb8 26. Nf6 Be6 27. Nd5+ Kd7
28. Rb1 h5 29. h4 Bf8 30. Rfc1 Kd6 31. Be2 Be7 32. Bf3 Bd8 33. Rc2 a5 34. Nc1
Re8 35. Kf2 a4 36. Nd3 Bxd5 37. Bxd5 Rf8 38. Bf3 Rh8 39. b4 axb3 40. Rxb3 Ba5
41. Rxb8 Rxb8 42. Bxh5 Bc3 43. Bf3 Nf8 44. Bd5 Ne6 45. Kf3 Ke7 46. Re2 Kd6 47.
h5 Rh8 48. Rh2 Rh6 49. Bxe6 fxe6 50. g4 fxg4+ 51. Kxg4 Ke7 52. Nxc5 Kf7 53. Nd3
Kg8 54. Kg5 Rh7 55. h6 Kh8 56. Kf6 Ra7 57. Kxe6 Ra3 58. h7 Rxa2 59. Rxa2 1-0

[Event "17th Dubai Chess Open"]
[Site "Dubai UAE"]
[Date "2015.04.06"]
[Round "1.6"]
[White "Zhigalko, Sergei"]
[Black "Rowe, Duane"]
[Result "1-0"]
[WhiteTitle "GM"]
[BlackTitle "CM"]
[WhiteElo "2675"]
[BlackElo "2214"]
[WhiteFideId "13502956"]
[BlackFideId "7400268"]
[EventDate "2015.04.06"]

1. e4 c5 2. Nf3 a6 3. c3 e6 4. d4 d5 5. e5 Bd7 6. Bd3 cxd4 7. cxd4 Bb5 8. Bxb5+
axb5 9. O-O b4 10. h4 Ne7 11. h5 h6 12. Nbd2 Nbc6 13. Nb3 Nf5 14. g4 Nh4 15.
Nxh4 Qxh4 16. Kg2 Rg8 17. Rh1 Qd8 18. Qd3 g6 19. f3 Qb6 20. hxg6 Rxg6 21. Be3
Qa6 22. Qd2 Rc8 23. Kf2 Qa7 24. Nc1 Na5 25. b3 f5 26. exf6 Rxf6 27. Ne2 b6 28.
Rac1 Nc6 29. Bxh6 Qf7 30. Bf4 Kd7 31. Kg2 Bd6 32. Bxd6 Kxd6 33. Qd3 Rg6 34. Qb5
Rf6 35. Rhf1 Qa7 36. Rc2 Qa5 37. Qd3 Rff8 38. Rfc1 Ne7 39. Qe3 Rxc2 40. Rxc2 Ng6
41. Qh6 Rg8 42. Nf4 Nf8 43. Qf6 Qa7 44. Qd8+ 1-0

[Event "17th Dubai Chess Open"]
[Site "Dubai UAE"]
[Date "2015.04.06"]
[Round "1.7"]
[White "Soozankar, A.M."]
[Black "Bartel, Mateusz"]
[Result "0-1"]
[WhiteTitle "FM"]
[BlackTitle "GM"]
[WhiteElo "2240"]
[BlackElo "2627"]
[WhiteFideId "12503029"]
[BlackFideId "1112635"]
[EventDate "2015.04.06"]

1. e4 c5 2. Nf3 Nc6 3. d4 cxd4 4. Nxd4 Nf6 5. Nc3 d6 6. Be2 g6 7. Be3 Bg7 8. O-O
O-O 9. Kh1 Nxd4 10. Bxd4 e5 11. Be3 Be6 12. Bf3 Rc8 13. Qd2 Qa5 14. Rfd1 Rfe8
15. Nd5 Qxd2 16. Nxf6+ Bxf6 17. Rxd2 Rc6 18. Be2 Rec8 19. c3 a6 20. Bd1 b5 21.
Bb3 Bc4 22. Bxc4 bxc4 23. b4 Be7 24. a4 Rb8 25. Rd5 f5 26. f3 Ra8 27. g4 Kf7 28.
gxf5 gxf5 29. Rg1 f4 30. Bf2 Rcc8 31. Bb6 h5 32. Rd2 Rg8 33. Rxg8 Rxg8 34. Rd5
h4 35. Ra5 h3 36. Rxa6 Rg2 37. Ra7 Rc2 38. Kg1 Ke6 39. a5 Rxc3 40. Kf2 Rc2+ 41.
Kg1 c3 42. a6 Rg2+ 43. Kf1 Rxh2 44. Bg1 Rh1 0-1

[Event "17th Dubai Chess Open"]
[Site "Dubai UAE"]
[Date "2015.04.06"]
[Round "1.8"]
[White "Ivanisevic, Ivan"]
[Black "Tleptsok, Ruslan"]
[Result "1-0"]
[WhiteTitle "GM"]
[WhiteElo "2638"]
[BlackElo "2204"]
[WhiteFideId "912417"]
[BlackFideId "24104485"]
[EventDate "2015.04.06"]

1. d4 Nf6 2. c4 e5 3. dxe5 Ne4 4. Nd2 Bb4 5. Nf3 Nc6 6. a3 Nxd2 7. Bxd2 Bxd2+ 8.
Qxd2 Qe7 9. Qc3 b6 10. e3 Bb7 11. Rd1 O-O-O 12. Rd5 Rhe8 13. h4 Nb8 14. h5 Bxd5
15. cxd5 d6 16. Bb5 dxe5 17. Bxe8 Qxe8 18. Qxe5 Qxe5 19. Nxe5 Rxd5 20. f4 f6 21.
Nf3 Rb5 22. b4 c5 23. h6 g6 24. Ke2 cxb4 25. Nd4 Rh5 26. Rxh5 gxh5 27. axb4 Kd7
28. Kd3 a6 29. Kc4 Nc6 30. Ne2 Ne7 31. Nc3 Kd6 32. b5 axb5+ 33. Nxb5+ Ke6 34.
Nd4+ Kf7 35. e4 Kg6 36. Kb5 f5 37. e5 Kxh6 38. Ne2 Kg6 39. Kxb6 Kf7 40. Kc5 Ke6
41. Nd4+ Kd7 42. e6+ Kc7 43. Nb5+ Kd8 44. Kd6 Ng6 45. Nc7 h4 46. Nd5 1-0

[Event "17th Dubai Chess Open"]
[Site "Dubai UAE"]
[Date "2015.04.06"]
[Round "1.9"]
[White "Saeed, Ishaq"]
[Black "Safarli, Eltaj"]
[Result "1-0"]
[WhiteTitle "FM"]
[BlackTitle "GM"]
[WhiteElo "2200"]
[BlackElo "2641"]
[WhiteFideId "9301453"]
[BlackFideId "13402129"]
[EventDate "2015.04.06"]

1. d4 Nf6 2. c4 e6 3. Nf3 d5 4. e3 c5 5. a3 cxd4 6. exd4 Be7 7. Nc3 O-O 8. Bf4
Nc6 9. Rc1 Ne4 10. Bd3 Nxc3 11. Rxc3 Bf6 12. h4 h6 13. Bb1 Re8 14. Ne5 dxc4 15.
Qh5 Bxe5 16. dxe5 Qd4 17. Rf3 Qxb2 18. O-O Nd4 19. Bxh6 Nxf3+ 20. gxf3 Kf8 21.
Bxg7+ Kxg7 22. Qg5+ Kf8 23. Rd1 Qb3 24. Qh6+ Ke7 25. Qg5+ Kf8 26. Qh6+ Ke7 27.
Qf6+ Kf8 28. Qh8+ Ke7 29. Qf6+ Kf8 30. Rf1 Qb6 31. Bg6 Qc7 32. h5 Kg8 33. Bc2
Qd8 34. Qh6 f5 35. exf6 Re7 36. Kh1 1-0

[Event "17th Dubai Chess Open"]
[Site "Dubai UAE"]
[Date "2015.04.06"]
[Round "1.10"]
[White "Iturrizaga Bonelli, Eduardo"]
[Black "Abou El Zein, Eid Mahmoud"]
[Result "1-0"]
[WhiteTitle "GM"]
[BlackTitle "IM"]
[WhiteElo "2630"]
[BlackElo "2191"]
[WhiteFideId "3901211"]
[BlackFideId "10600078"]
[EventDate "2015.04.06"]

1. Nf3 g6 2. c4 Bg7 3. Nc3 d6 4. d4 Nd7 5. g3 b6 6. Bg2 Bb7 7. O-O e6 8. d5 e5
9. e4 Ne7 10. Be3 h6 11. b4 O-O 12. c5 Ba6 13. b5 Bc8 14. c6 Nf6 15. Ne1 a5 16.
f3 Ne8 17. Qd2 Kh7 18. Nd3 f5 19. Nb2 f4 20. Bf2 h5 21. Nc4 Bh6 22. Qd3 g5 23.
Na4 Rb8 24. Rac1 Ng6 25. Rc2 g4 26. fxg4 Bxg4 27. Be1 Rg8 28. h3 Bc8 29. Qf3 Qg5
30. Nab2 h4 31. g4 Bg7 32. Qa3 Bf8 33. Nd2 Be7 34. Nbc4 Qh6 35. Nf3 Bg5 36.
Nxg5+ Qxg5 37. Nd2 Kh8 38. Nf3 Qe7 39. Qd3 Kg7 40. Kf2 Nf6 41. Ke2 Rh8 42. Kd1
Nh7 43. Bd2 Ng5 44. Ne1 Rf8 45. Kc1 Kh6 46. Rc3 Qh7 47. Qe2 Ne7 48. Nd3 Kg7 49.
Nxf4 exf4 50. Bxf4 Rxf4 51. Rxf4 Ng6 52. Rf1 Qh6 53. Kb1 Ne5 54. Qf2 Bxg4 55.
hxg4 Nxg4 56. Qf4 Ne5 57. Bh3 Rg8 58. Rg1 Kh8 59. Be6 Rg6 60. Bf5 Ngf3 61. Qxh6+
Rxh6 62. Rh1 h3 63. Rxh3 Rxh3 64. Bxh3 Nd2+ 65. Kc2 Nxe4 66. Re3 Nf6 67. Rxe5 1-0

[Event "17th Dubai Chess Open"]
[Site "Dubai UAE"]
[Date "2015.04.06"]
[Round "1.11"]
[White "El Jawich, Amro"]
[Black "Istratescu, Andrei"]
[Result "0-1"]
[WhiteTitle "FM"]
[BlackTitle "GM"]
[WhiteElo "2190"]
[BlackElo "2630"]
[WhiteFideId "5300380"]
[BlackFideId "1200372"]
[EventDate "2015.04.06"]

1. e4 c5 2. Nf3 e6 3. d3 Nc6 4. g3 g6 5. Bg2 Bg7 6. O-O Nge7 7. c3 e5 8. Nbd2
O-O 9. Nc4 d6 10. a3 b5 11. Ne3 a5 12. a4 b4 13. Nd2 f5 14. exf5 gxf5 15. Nd5
Ra7 16. Nc4 Be6 17. Bg5 Qb8 18. Ncb6 Kh8 19. Qd2 Nxd5 20. Nxd5 Qe8 21. Rae1 Nd8
22. f4 Nf7 23. Bh4 Qxa4 24. fxe5 Bxd5 25. Bxd5 Nxe5 26. d4 bxc3 27. bxc3 cxd4
28. cxd4 Ng6 29. Bg5 Qxd4+ 30. Qxd4 Bxd4+ 31. Be3 Bxe3+ 32. Rxe3 Kg7 33. Ra1 Rb8
34. Rf1 Ne7 35. Be6 a4 36. g4 fxg4 37. Rf7+ Kg6 38. Ba2 Rb1+ 0-1

[Event "17th Dubai Chess Open"]
[Site "Dubai UAE"]
[Date "2015.04.06"]
[Round "1.12"]
[White "Gupta, Abhijeet"]
[Black "Gevorgyan, Maria"]
[Result "1-0"]
[WhiteTitle "GM"]
[BlackTitle "WFM"]
[WhiteElo "2625"]
[BlackElo "2182"]
[WhiteFideId "5010608"]
[BlackFideId "13300270"]
[EventDate "2015.04.06"]

1. d4 d5 2. c4 dxc4 3. Nf3 Nf6 4. e3 e6 5. Bxc4 a6 6. O-O c5 7. dxc5 Qxd1 8.
Rxd1 Bxc5 9. Be2 b5 10. a4 b4 11. Nbd2 a5 12. Nb3 Bb6 13. Ne5 O-O 14. Bf3 Ra7
15. Nc4 Bd8 16. e4 Bb7 17. Be3 Ra8 18. Bc5 Nbd7 19. Bxf8 Kxf8 20. Nd4 Ba6 21. e5
Nd5 22. Bxd5 exd5 23. Ne3 Be7 24. Nef5 Nb6 25. Nxe7 Kxe7 1-0

[Event "17th Dubai Chess Open"]
[Site "Dubai UAE"]
[Date "2015.04.06"]
[Round "1.13"]
[White "Nadir, Samir"]
[Black "Perunovic, Milos"]
[Result "0-1"]
[WhiteTitle "CM"]
[BlackTitle "GM"]
[WhiteElo "2157"]
[BlackElo "2632"]
[WhiteFideId "12200085"]
[BlackFideId "921629"]
[EventDate "2015.04.06"]

1. d4 Nf6 2. Nf3 d5 3. Bf4 c5 4. c3 Nc6 5. e3 Qb6 6. Qb3 c4 7. Qc2 Bf5 8. Qc1 e6
9. Nbd2 Be7 10. Be2 O-O 11. O-O Qd8 12. b3 b5 13. a4 a6 14. Qb2 Nh5 15. Ne5 Nxf4
16. exf4 Qc7 17. axb5 axb5 18. Nxc6 Qxc6 19. b4 h6 20. Rxa8 Rxa8 21. Ra1 Ra6 22.
Bd1 Qa8 23. Rxa6 Qxa6 24. Nf1 Qd6 25. g3 g5 26. fxg5 e5 27. dxe5 Qxe5 28. f4 Qe1
29. Qe2 Qxe2 30. Bxe2 hxg5 31. Bf3 d4 32. cxd4 gxf4 33. gxf4 c3 34. Ne3 c2 35.
Nxc2 Bxc2 36. Be2 Ba4 37. Kf2 Bxb4 38. Ke3 Bd6 0-1

[Event "17th Dubai Chess Open"]
[Site "Dubai UAE"]
[Date "2015.04.06"]
[Round "1.14"]
[White "Fier, Alexandr"]
[Black "Ahmad, Al Khatib"]
[Result "1-0"]
[WhiteTitle "GM"]
[WhiteElo "2601"]
[BlackElo "2170"]
[WhiteFideId "2107139"]
[BlackFideId "8103178"]
[EventDate "2015.04.06"]

1. d4 Nf6 2. c4 g6 3. Nc3 Bg7 4. e4 d6 5. Be2 O-O 6. Bg5 Nc6 7. d5 Ne5 8. Nf3 h6
9. Be3 Nfg4 10. Bd2 f5 11. Nxe5 Nxe5 12. f4 Nd7 13. exf5 gxf5 14. Qc2 c6 15. O-O
Qb6+ 16. Kh1 Nf6 17. Rae1 Bd7 18. Bd3 Rae8 19. Be3 c5 20. b3 Ng4 21. Bg1 Qa5 22.
Ne2 e5 23. dxe6 Rxe6 24. Rd1 Ne3 25. Bxe3 Rxe3 26. Ng3 Qc3 27. Qb1 Qf6 28. Rfe1
Rxg3 29. hxg3 Qg6 30. Be2 Qxg3 31. Qd3 Qh4+ 32. Qh3 Qxf4 33. Bf3 Be5 34. Bxb7
Kh7 35. g3 Qg5 36. Rxe5 dxe5 37. Rxd7+ Kg6 38. Rd6+ Rf6 39. Rxf6+ Kxf6 40. Qg2
e4 41. Qb2+ Kg6 42. Kg2 Qg4 43. Qf2 Kf6 44. b4 h5 45. bxc5 h4 46. Bc8 hxg3 47.
Qxf5+ Qxf5 48. Bxf5 Kxf5 49. Kxg3 Ke6 50. Kf4 Kd7 51. Kxe4 Kc6 52. Kd4 a6 53. a3 1-0

[Event "17th Dubai Chess Open"]
[Site "Dubai UAE"]
[Date "2015.04.06"]
[Round "1.15"]
[White "Makropoulou, Marina"]
[Black "Rakhmanov, Aleksandr"]
[Result "0-1"]
[WhiteTitle "WGM"]
[BlackTitle "GM"]
[WhiteElo "2154"]
[BlackElo "2639"]
[WhiteFideId "4200187"]
[BlackFideId "4173708"]
[EventDate "2015.04.06"]

1. e4 c5 2. Nf3 Nf6 3. e5 Nd5 4. Nc3 Nxc3 5. dxc3 e6 6. Bf4 Qb6 7. b3 Nc6 8. Nd2
Qc7 9. Nc4 b6 10. Qg4 h5 11. Qg3 h4 12. Qg4 Ba6 13. Nd6+ Bxd6 14. exd6 Qb7 15.
Qxg7 O-O-O 16. O-O-O Bxf1 17. Rhxf1 Qa6 18. Kb2 Qe2 19. g3 hxg3 20. Bxg3 Qh5 21.
Qf6 Qg4 22. Rfe1 Rdg8 23. Rd3 Rh7 24. f3 Qg5 25. Qxg5 Rxg5 26. Rde3 Rf5 27. a3
f6 28. Rd3 Nd8 29. Re4 Nf7 30. b4 Kb7 31. a4 a6 32. b5 axb5 33. axb5 Ng5 34. Rf4
Rxf4 35. Bxf4 c4 36. Re3 Nf7 37. Bg3 Rh5 38. Re4 Rxb5+ 39. Ka3 Rc5 40. Rf4 Nxd6
41. Rxf6 Nf5 42. Rf8 Rb5 43. Rb8+ Kc6 44. Bf2 Kc7 45. Rh8 Rb1 46. Bd4 Nxd4 47.
cxd4 b5 48. h4 b4+ 49. Ka2 Rh1 50. h5 Rh2 51. Kb1 Kc6 52. Rb8 Kd5 53. Rxb4 Kxd4
54. Rb6 Rxh5 55. Kb2 Kc5 56. Ra6 Rf5 57. Ra7 d5 58. Ra3 Kd4 59. Rc3 e5 60. Ra3
Rf8 61. Kc1 Rh8 62. Kd2 c3+ 63. Ke1 Rh1+ 0-1

[Event "17th Dubai Chess Open"]
[Site "Dubai UAE"]
[Date "2015.04.06"]
[Round "1.16"]
[White "Ipatov, Alexander"]
[Black "Mammadova, Narmin"]
[Result "1-0"]
[WhiteTitle "GM"]
[BlackTitle "WCM"]
[WhiteElo "2592"]
[BlackElo "2176"]
[WhiteFideId "14116731"]
[BlackFideId "13403710"]
[EventDate "2015.04.06"]

1. c4 Nf6 2. d4 e6 3. Nf3 d5 4. Nc3 c6 5. Qd3 Be7 6. g3 O-O 7. Bg2 Nbd7 8. O-O
b6 9. Rd1 Bb7 10. Bf4 dxc4 11. Qxc4 b5 12. Qd3 b4 13. Ne4 Nxe4 14. Qxe4 Nf6 15.
Qc2 Rc8 16. Ne5 Nd5 17. Qa4 a5 18. Rac1 Kh8 19. Rc2 1-0

[Event "17th Dubai Chess Open"]
[Site "Dubai UAE"]
[Date "2015.04.06"]
[Round "1.17"]
[White "Mona, Khaled"]
[Black "Grandelius, Nils"]
[Result "0-1"]
[WhiteTitle "WGM"]
[BlackTitle "GM"]
[WhiteElo "2125"]
[BlackElo "2603"]
[WhiteFideId "10605908"]
[BlackFideId "1710400"]
[EventDate "2015.04.06"]

1. d4 Nf6 2. Nf3 d5 3. g3 g6 4. Bg2 Bg7 5. O-O O-O 6. c4 dxc4 7. Na3 c3 8. bxc3
c5 9. Bb2 Nc6 10. Nc4 Be6 11. Nfe5 Rc8 12. Nxc6 bxc6 13. Qd3 Nd5 14. e4 Nb6 15.
Nxb6 Qxb6 16. Qd2 Rfd8 17. Rfd1 Rb8 18. Ba3 cxd4 19. cxd4 Rxd4 20. Qf4 Rbd8 0-1

[Event "17th Dubai Chess Open"]
[Site "Dubai UAE"]
[Date "2015.04.06"]
[Round "1.18"]
[White "Guseinov, Gadir"]
[Black "Rajarishi, Karthi"]
[Result "1-0"]
[WhiteTitle "GM"]
[WhiteElo "2614"]
[BlackElo "2055"]
[WhiteFideId "13401378"]
[BlackFideId "5092523"]
[EventDate "2015.04.06"]

1. e4 e6 2. d4 d5 3. Nd2 Be7 4. Ngf3 Nf6 5. e5 Nfd7 6. c3 c5 7. Bd3 Nc6 8. O-O
g5 9. dxc5 g4 10. Nd4 Ncxe5 11. Bb5 Bxc5 12. f4 Nc6 13. Nb3 Bxd4+ 14. Nxd4 Nxd4
15. Qxd4 Qb6 16. Qxb6 axb6 17. f5 O-O 18. Bh6 Re8 19. Rae1 Rxa2 20. Rf4 Rxb2 21.
Rxg4+ Kh8 22. Bg7+ Kg8 23. Be5+ Kf8 24. Bd6+ Re7 25. Bxd7 h5 26. f6 1-0

[Event "17th Dubai Chess Open"]
[Site "Dubai UAE"]
[Date "2015.04.06"]
[Round "1.19"]
[White "Berglind, Axel"]
[Black "Solak, Dragan"]
[Result "0-1"]
[BlackTitle "GM"]
[WhiteElo "2081"]
[BlackElo "2607"]
[WhiteFideId "1720228"]
[BlackFideId "916811"]
[EventDate "2015.04.06"]

1. c4 e5 2. Nc3 Nc6 3. g3 Bc5 4. Bg2 d6 5. e3 a6 6. Nge2 Ba7 7. O-O h5 8. d4 h4
9. Bxc6+ bxc6 10. dxe5 Bh3 11. Re1 hxg3 12. fxg3 dxe5 13. Qxd8+ Rxd8 14. b4 c5
15. Nd5 Rd7 16. Nec3 c6 17. Nf4 exf4 18. exf4+ Ne7 19. bxc5 Bxc5+ 20. Be3 Bb4
21. Rec1 Rd3 22. Nd1 O-O 23. a3 Rxe3 24. axb4 Re1+ 25. Kf2 Rf1+ 26. Ke2 Re8 27.
Ne3 Rxc1 28. Rxc1 Nf5 29. Rc3 Nxe3 30. Rxe3 Bf1+ 0-1

[Event "17th Dubai Chess Open"]
[Site "Dubai UAE"]
[Date "2015.04.06"]
[Round "1.20"]
[White "Volkov, Sergey"]
[Black "Ram, Aravind L N"]
[Result "1-0"]
[WhiteTitle "GM"]
[BlackTitle "FM"]
[WhiteElo "2614"]
[BlackElo "2135"]
[WhiteFideId "4122763"]
[BlackFideId "25033760"]
[EventDate "2015.04.06"]

1. d4 Nf6 2. c4 e5 3. dxe5 Ng4 4. Bf4 Nc6 5. Nf3 Bb4+ 6. Nbd2 Qe7 7. e3 Ngxe5 8.
Nxe5 Nxe5 9. Be2 d6 10. O-O a5 11. Nb3 a4 12. a3 Bc3 13. bxc3 axb3 14. Qxb3 O-O
15. Rfd1 Ra7 16. a4 b6 17. Bxe5 Qxe5 18. Bf3 Be6 19. Bd5 Ra5 20. Ra2 Rc5 21. Rd4
Ra5 22. h4 Rc5 23. g3 Bf5 24. Kh2 h5 25. Rf4 g6 26. Rd2 Kg7 27. Rdd4 Ra5 28. Qd1
c5 29. Rd2 Qxc3 30. Bf3 Rxa4 31. Qxa4 Qxd2 32. Bxh5 Kg8 33. Qa1 b5 34. Qf6 b4
35. e4 Qc3 36. Qg5 Be6 37. Bxg6 Qg7 38. Rf6 b3 39. h5 Kh8 40. h6 Qg8 41. Qf4 b2
42. e5 fxg6 43. Rxf8 Bf5 44. Rxg8+ Kxg8 45. g4 b1=Q 46. gxf5 gxf5 47. Qg5+ Kf7
48. Qf6+ 1-0

[Event "17th Dubai Chess Open"]
[Site "Dubai UAE"]
[Date "2015.04.06"]
[Round "1.21"]
[White "Bit-Narva, David"]
[Black "Prohaszka, Peter2"]
[Result "0-1"]
[BlackTitle "GM"]
[WhiteElo "2117"]
[BlackElo "2597"]
[WhiteFideId "24128856"]
[BlackFideId "726265"]
[EventDate "2015.04.06"]

1. e4 c6 2. Ne2 d5 3. e5 d4 4. d3 g6 5. Nd2 Bg7 6. Nf3 c5 7. Bf4 Nc6 8. Ng3 Qc7
9. Qe2 Bg4 10. O-O-O Bxf3 11. Qxf3 Nxe5 12. Qe4 f5 13. Qd5 Rd8 14. Qb3 Nf6 15.
Bxe5 Qxe5 16. Be2 Nd5 17. Bf3 Qd6 18. Qxb7 Bh6+ 19. Kb1 Nc3+ 20. Ka1 Nxd1 21.
Rxd1 Qb6 22. Nf1 Qxb7 23. Bxb7 Kd7 24. Nd2 Bxd2 25. Rxd2 Kd6 26. f4 Rhe8 27. b3
e5 28. fxe5+ Rxe5 29. Kb2 Rde8 30. Bf3 Re1 31. c3 R8e3 32. b4 cxb4 33. cxd4 Re7
34. Rc2 Rc7 35. Rc4 a5 36. Kc2 h5 37. Kb3 Rc1 38. Be2 Rc3+ 39. Kb2 a4 40. h3 a3+
41. Kb1 h4 0-1

[Event "17th Dubai Chess Open"]
[Site "Dubai UAE"]
[Date "2015.04.06"]
[Round "1.22"]
[White "Shimanov, Aleksandr"]
[Black "Mohammed, Tarig Elther"]
[Result "1-0"]
[WhiteTitle "GM"]
[WhiteElo "2594"]
[BlackElo "2094"]
[WhiteFideId "4198603"]
[BlackFideId "12200964"]
[EventDate "2015.04.06"]

1. e4 d5 2. exd5 Qxd5 3. Nc3 Qd6 4. d4 c6 5. Nf3 Nf6 6. Ne5 Nbd7 7. Nc4 Qc7 8.
g3 Nb6 9. Ne5 Be6 10. Bf4 Qd8 11. Bg2 g6 12. O-O Bg7 13. Re1 O-O 14. Qd2 Nfd7
15. Nf3 Nc4 16. Qc1 c5 17. d5 Bxc3 18. dxe6 Bxb2 19. Qd1 Ndb6 20. exf7+ Rxf7 21.
Qxd8+ Rxd8 22. Rad1 Rxd1 23. Rxd1 e5 24. Bh6 Rd7 25. Rxd7 Nxd7 26. Ng5 Nd6 27.
Bd5+ Kh8 28. Ne6 Nb6 29. Bg2 Nd7 30. Bg5 Kg8 31. Nd8 e4 32. Bh3 Ne5 33. Be7 Nef7
34. Be6 Kg7 35. Bd5 Nxd8 36. Bxd6 Bd4 37. Bxe4 Kf6 38. c4 Nc6 39. Bxc6 bxc6 40.
Kg2 Ke6 41. Bb8 a6 42. Kf3 h5 43. h3 Kf6 44. Bf4 Ke6 45. Be3 Ke5 46. Ke2 Kd6 47.
Kd3 Bf6 48. Ke4 Be7 49. f4 Ke6 50. g4 hxg4 51. hxg4 Bf8 52. Kd3 Be7 53. Kc2 Kd6
54. Kb3 Bd8 55. Ka4 Bc7 56. a3 Bb6 57. Bd2 Ke6 58. Ba5 Ba7 59. f5+ gxf5 60.
gxf5+ Kxf5 61. Bc7 Ke4 62. Ka5 Kd4 63. Kxa6 Kxc4 64. a4 Kb3 65. a5 Ka4 66. Kxa7 1-0

[Event "17th Dubai Chess Open"]
[Site "Dubai UAE"]
[Date "2015.04.06"]
[Round "1.24"]
[White "Vocaturo, Daniele"]
[Black "Mokal, Amruta Sunil"]
[Result "0-1"]
[WhiteTitle "GM"]
[WhiteElo "2579"]
[BlackElo "2075"]
[WhiteFideId "813192"]
[BlackFideId "5016371"]
[EventDate "2015.04.06"]

1. e4 c5 2. Nf3 e6 3. d4 cxd4 4. Nxd4 a6 5. Nc3 Qc7 6. Bd3 Nf6 7. O-O Nc6 8.
Nxc6 bxc6 9. Qe2 d5 10. Bg5 Be7 11. e5 h6 12. Bh4 Nd7 13. Bxe7 Kxe7 14. Rae1 Re8
15. Nd1 Kf8 16. f4 Nc5 17. Rf3 Qe7 18. Nf2 Rb8 19. b3 a5 20. Rg3 Nxd3 21. Qxd3
Kg8 22. Ng4 Kh8 23. Rh3 Qf8 24. Ree3 Rb4 25. Reg3 Qc5+ 26. Kh1 Re4 27. Re3 Rxe3
28. Rxe3 Qb4 29. g3 d4 30. Re2 c5 31. h4 Qb6 32. Kh2 Ba6 33. c4 dxc3 34. Qd7 Rd8
35. Qxf7 Bxe2 36. Nf2 c2 37. Qg6 Bd3 0-1